Normal view
MARC view
- التمويل -- معاجم -- المصارف و الاعمال المصرفية -- معاجم -- الاستثمارات -- معاجم -- اللغة الانجليزية -- اللغة العربية. -- معاجم
Entry Topical Term
001 - CONTROL NUMBER
- control field: 27520
003 - CONTROL NUMBER IDENTIFIER
- control field: JO-AjAnu
005 - DATE AND TIME OF LATEST TRANSACTION
- control field: 20230606074656.0
008 - FIXED-LENGTH DATA ELEMENTS
- fixed length control field: 230606|| aca||aabn | a|a d
040 ## - CATALOGING SOURCE
- Original cataloging agency: JO-AjAnu
- Transcribing agency: JO-AjAnu
150 ## - HEADING--TOPICAL TERM
- Topical term or geographic name entry element: التمويل -- معاجم -- المصارف و الاعمال المصرفية -- معاجم -- الاستثمارات -- معاجم -- اللغة الانجليزية -- اللغة العربية. -- معاجم
670 ## - SOURCE DATA FOUND
- Source citation: Work cat.: (JO-AjAnu)14132: الفاروقي، تحسين التاجي, author 27519, The Dictionary of Banking Finance and Investment English-Arabic = قاموس مصطلحات المصارف و المال و الاستثمار إنجليزي - عربي